| 000 | | | 04422ckm0a2200301#x 450 |
| 001 | | | 314f6094-8383-45ca-8ada-c87f5b672ed2 |
| 005 | | | 20251202165353.0 |
| 100 | ## | $a | 20251128j19450108k###0rusy50 ca |
| 102 | ## | $a | HU |
| 116 | ## | $a | fiybxx####zz####zz |
| 122 | 0# | $a | d19450108## |
| 200 | 1# | $a | Подразделение 3-го Украинского фронта ведет бой на окраине Будапешта |
| | $j | 8 января 1945 г. |
| 251 | ## | $c | Документ |
| 300 | ## | $a | Фотография |
| 300 | ## | $a | Фотограф Л. Леонидов |
| 461 | #0 | $1 | 2001 |
| | $a | Ф. 71 |
| | $1 | 251 |
| | $c | Фонд |
| | $1 | 852 |
| | $j | 71 |
| 462 | #0 | $1 | 2001 |
| | $a | Оп. 56 |
| | $1 | 251 |
| | $c | Опись |
| | $1 | 852 |
| | $j | 56 |
| 601 | 02 | $2 | prlib_sh |
| | $3 | LIBNET\UAF\0000057828 |
| | $a | Украинский фронт |
| | $c | 3; 1943 - 1945 |
| | $j | Фотографии |
| 605 | ## | $2 | prlib_sh |
| | $3 | LIBNET\UAF\0000088514 |
| | $a | Вторая мировая война в архивных документах (Комплекс оцифрованных архивных документов, кино- и фотоматериалов) |
| | $l | коллекция |
| 605 | ## | $2 | acquisition_Prlib |
| | $3 | DITM\AF\0000000338 |
| | $a | Память о Великой Победе |
| | $l | коллекция |
| 606 | 1# | $2 | nlr_sh |
| | $3 | RU\NLR\AUTH\66178773 |
| | $a | Будапештская операция |
| | $z | 1944 - 1945 |
| | $j | Фотографии |
| 608 | ## | $2 | prlib_sh |
| | $3 | LIBNET\UAF\0000115139 |
| | $a | Документальные фотографии |
| | $z | 1945 |
| 686 | ## | $a | 63.3(2)622,13я611 |
| | $v | LBC/M |
| | $2 | rubbk |
| 801 | #0 | $a | RU |
| | $b | ПБ им. Б.Н. Ельцина |
| | $c | 20251128 |
| 801 | #1 | $a | RU |
| | $b | ПБ им. Б.Н. Ельцина |
| | $c | 20251128 |
| | $2 | rusmarc |
| 801 | #2 | $a | RU |
| | $b | ПБ им. Б.Н. Ельцина |
| | $c | 20251202 |
| | $2 | rusmarc |
| 850 | ## | $a | Российский государственный архив социально-политической истории |
| 852 | ## | $a | РГАСПИ |
| | $j | Д. 1748 |
| 035 | ## | $a | LIBNET\0001515606 |
| 937 | ## | $d | 198506164 |
| | $h | Федеральное архивное агентство |
| 856 | 4# | $u | http://readingroom.main.prlib.ru/item.aspx?id_node=n198506164&mode=full |